000 00533nam a2200181Ia 4500
005 20250326125524.0
008 250326s9999 xx 000 0 und d
037 _aTextbook
040 _aFMSL
_beng
_cFMSL
041 _aeng
_2eng
084 _aL:14(X:8) L01
_qFMSL
100 _aHMSO
_9736503
245 0 _aGuide to good practices in hospital administration
_cHMSO
260 _aLondon
_bLondon, Her Majesty's Stationery Office
_c1970
300 _a116p
942 _cTB
_hL:14(X:8) L01
999 _c1278420
_d1278420